Statistics for U.S. Geography General Knowledge #3

Click here to take the quiz!

General Stats

  • This quiz has been taken 16,821 times
  • The average score is 11 of 20

Answer Stats

Question Answer % Correct
What is the official nickname of Florida?The {Sunshine} State
95%
What city is sometimes called "Nola"?New Orleans
82%
What unusual religious group are numerous in Lancaster County, Pennsylvania?Amish
76%
What is the capital of Idaho?Boise
72%
What is the biggest U.S. city whose name starts with "Fort"?Fort Worth
72%
What is the nearest major city to the Hoover Dam?Las Vegas
71%
What is the most well-known nickname of Denver?The {Mile}-{High} City
68%
On what ocean sound is Seattle located?Puget Sound
65%
In what city might you visit the Alamo or take a stroll on the River Walk?San Antonio
62%
Which state grows the most corn?Iowa
62%
What is the least populous borough of New York City?Staten Island
57%
What is the state animal of Wisconsin?Badger
52%
In what city would you find Beale Street, famous for its blues clubs?Memphis
45%
What is the biggest city in North Dakota?Fargo
43%
What is the largest city on Alabama's Gulf Coast?Mobile
41%
What blue-green rock is the state gemstone of Arizona?Turquoise
39%
What is the name of the region that includes Raleigh, Durham, and Chapel Hill?{Research} Triangle
28%
What type of moss commonly grows on Live Oak and Bald Cypress
trees in the southeast?
Spanish Moss
27%
What bridge connects the two peninsulas of Michigan?Mackinac Bridge
23%
What is the northernmost city in the United States?Barrow, Alaska
16%

Score Distribution

Percentile by Number Answered

Percent of People with Each Score

Your Score History

You have not taken this quiz